00484cam a2200181Ia 4500020001800000020001500018040001000033041000800043082002600051100002300077245006800100300002400168490002600192650002700218650001500245650001800260700002400278 a9788479277789 a8479277785 cBTCTA1 hfre04a649 TEX 1999 A056 Or.1 aLeclerc, Isabelle,10aConsiga que los niños le obedezcan :b100 trucos infalibles / a188 pages ;c22 cm.1 aBebé, nuevos padres 0aDiscipline of children 0aFatherhood 0aChild rearing1 aBerthelot, Caterina